Libélulas (Registro nro. 323715)

Detalles MARC
000 -ENCABEZADO
Número de control [NR] 01584nam a22003137a 4500
005 - FECHA Y HORA DE LA ÚLTIMA TRANSACCIÓN
control field 20260226124915.0
008 - DE LONGITUD FIJA DE DATOS DE ELEMENTOS - INFORMACIÓN GENERAL
Elementos de longitud fija [NR] 231214s2022 ck ao||fr|||| 001 0 spa d
020 ## - NUMERO INTERNACIONAL NORMALIZADO PARA LIBROS [R]
Número Internacional Normalizado del libro [NR] 9789585000445
040 ## - FUENTE DE CATALOGACION [NR]
Quien Cataloga Sandra Yazo
Quien Clasifica Sandra Yazo
041 0# - CODIGO DE IDIOMA [R]
Código de idioma para texto/pista de sonido o título separado [R] Español
082 ## - NUMERO DE CLASIFICACION DECIMAL DEWEY [R]
Número de la edición [NR] 20
Número de clasificación [R] 595.77
092 ## - SIGNATURA TOPOGRAFICA LOCAL
Número de clasificación local E63N138
245 10 - MENCION DE TITULO [NR]
Título [NR] Libélulas
Parte restante del título [NR] Hijas del agua, hadas del aire
Mención de responsabilidad, etc. [NR] Patricia Londoño Vega
260 ## - PUBLICACION, DISTRIBUCION, ETC. (PIE DE IMPRENTA) [R]
Lugar de publicación, distribución, etc. [R] Bogotá (Colombia)
Nombre del editor, distribuidor, etc. [R] Universidad del Rosario
Fecha de publicación, distribución, etc. [R] 2022
300 ## - DESCRIPCION FISICA [R]
Extensión [R] 188 páginas
Otros detalles físicos [NR] ilustraciones, fotos
Dimensiones [R] 28 x 24 cm.
500 ## - NOTA GENERAL [R]
Nota general [NR] Detalles físicos: Encuadernación rígida, en cartón forrado.Tapas impresas en varias tintas.Guardas con ilustraciones. Anteportada. Portada impresa. Texto impreso en una y dos columnas. Ilustraciones entre el texto y fuera del texto. Incluye referencias bibliográficas.
504 ## - NOTA DE BIBLIOGRAFIA, ETC. [R]
Nota de bibliografía, etc. [NR] Incluye referencias bibliográficas e índices y glosario
505 0# - NOTA DE CONTENIDO CON FORMATO PREESTABLECIDO [R]
Nota de contenido con formato preestablecido [NR] Las libélulas, sobrevivientes del periodo Carbonífero ; Biología de la libélulas ; Cortejo y copula ; Diversidad de libélulas ; Diversidad de libélulas ; Ecología y conservación ; Representaciones de las libélulas en la cultura
506 ## - NOTA DE RESTRICCIONES DE ACCESO [R]
Condiciones de acceso [NR] Consulta en sala
650 #7 - ASIENTO SECUNDARIO DE MATERIA - TERMINO TEMATICO [R]
Término temático o nombre geográfico como elemento de entrada [NR] Odonata
Subdivisión general [R] Clasificación
9 (RLIN) 179698
650 #7 - ASIENTO SECUNDARIO DE MATERIA - TERMINO TEMATICO [R]
Término temático o nombre geográfico como elemento de entrada [NR] Libélulas
Subdivisión general [R] Hábitos y conducta
9 (RLIN) 179699
650 #7 - ASIENTO SECUNDARIO DE MATERIA - TERMINO TEMATICO [R]
Término temático o nombre geográfico como elemento de entrada [NR] Libélulas
Subdivisión general [R] Ciclos vitales (Biología)
9 (RLIN) 179700
650 #7 - ASIENTO SECUNDARIO DE MATERIA - TERMINO TEMATICO [R]
Término temático o nombre geográfico como elemento de entrada [NR] Conducta animal
9 (RLIN) 11517
690 ## - ASUNTO AGREGADO LOCAL DE ENTRADA - TÉRMINO TEMÁTICO (OCLC, RLIN)
Acceso temático local Ciencias naturales
9 (RLIN) 10813
700 1# - ASIENTO SECUNDARIO - NOMBRE PERSONAL [R]
Nombre personal [NR] Londoño Vega, Patricia
9 (RLIN) 34173
700 1# - ASIENTO SECUNDARIO - NOMBRE PERSONAL [R]
Nombre personal [NR] Sánchez Herrara, Melissa
9 (RLIN) 179701
700 1# - ASIENTO SECUNDARIO - NOMBRE PERSONAL [R]
Nombre personal [NR] Leon Vargas, Karim
9 (RLIN) 80789
942 ## - ELEMENTOS DE ENTRADA AGREGADOS (KOHA)
Sistema de clasificación LOCAL
Tipo de ítem principal el descrito en 300a Libro
Edición 1
Clasificación E63N158
Existencias
Suprimido Perdido Sistema de clasificación Dañado No prestable Tipo de ítem específico Ubicación habitual Ubicación actual Localización Fecha de creación Forma de adquisición Costo Signatura topográfica Código de barras Última vez visto Ejemplar Price effective from Tipo de ítem
    LOCAL     Libro archivo Archivo Histórico Archivo Histórico Archivo histórico 14/12/2023 Donación 0.00 E63N158 L006930 14/12/2023 Ej.1 14/12/2023 Libro